| 000 -LEADER |
| fixed length control field |
00523pab a2200169 454500 |
| 008 - FIXED-LENGTH DATA ELEMENTS--GENERAL INFORMATION |
| fixed length control field |
180718b1986 xxu||||| |||| 00| 0 eng d |
| 100 ## - MAIN ENTRY--PERSONAL NAME |
| Personal name |
Whorton, Joseph W. Jr. |
| 245 ## - TITLE STATEMENT |
| Title |
The culture of university public service |
| Remainder of title |
A national survey of the perspectives of users and providers |
| 260 ## - PUBLICATION, DISTRIBUTION, ETC. |
| Date of publication, distribution, etc. |
1986 |
| 300 ## - PHYSICAL DESCRIPTION |
| Extent |
38-47 |
| 362 ## - DATES OF PUBLICATION AND/OR SEQUENTIAL DESIGNATION |
| Dates of publication and/or sequential designation |
Jan.-Feb. |
| 650 ## - SUBJECT ADDED ENTRY--TOPICAL TERM |
| Topical term or geographic name entry element |
Public Administration - Study and Teaching |
| 700 ## - ADDED ENTRY--PERSONAL NAME |
| Personal name |
Delmer D. Dunn |
| 700 ## - ADDED ENTRY--PERSONAL NAME |
| Personal name |
Frank K. Gibson |
| 773 ## - HOST ITEM ENTRY |
| Main entry heading |
Public Administration Review |
| 909 ## - |
| -- |
16576 |